000 00346nam a2200121 i 4500
001 bg
245 0 _aInformatyka. Wstęp do informatyki. Technologia przetwarzania danych :
_bpraca zbiorowa /
_cpod red. E. Niedzielskiej.
260 _aWarszawa,
_c1983.
040 _cBPK
041 _apol
942 _cKS
008 s pl f |000 0 pol
999 _c5114
_d5114
856 _uhttp://koha.tu.koszalin.pl/cgi-bin/koha/opac-detail.pl?biblionumber=5114
_yKatalog online BPK